Historical dictionary of Hinduism (Record no. 23709)

MARC details
000 -LEADER
fixed length control field 01235cam a2200325 a 4500
001 - CONTROL NUMBER
control field 1179796
005 - DATE AND TIME OF LATEST TRANSACTION
control field 20260507125732.0
008 - FIXED-LENGTH DATA ELEMENTS--GENERAL INFORMATION
fixed length control field 970307s1997 mdu bd 000 0 eng
010 ## - LIBRARY OF CONGRESS CONTROL NUMBER
LC control number 97011325
020 ## - INTERNATIONAL STANDARD BOOK NUMBER
International Standard Book Number 0810833271
Qualifying information cloth : alk. paper
020 ## - INTERNATIONAL STANDARD BOOK NUMBER
International Standard Book Number 9780810833272
Qualifying information (cloth : alk. paper)
035 ## - SYSTEM CONTROL NUMBER
System control number 1179796
040 ## - CATALOGING SOURCE
Original cataloging agency DLC
Transcribing agency DLC
Modifying agency DLC
050 00 - LIBRARY OF CONGRESS CALL NUMBER
Classification number BL1105
Item number .S85 1997
082 00 - DEWEY DECIMAL CLASSIFICATION NUMBER
Classification number 294.503
Edition number 21
100 1# - MAIN ENTRY--PERSONAL NAME
Personal name Sullivan, Bruce M.,
Dates associated with a name 1951-
245 10 - TITLE STATEMENT
Title Historical dictionary of Hinduism
Statement of responsibility, etc. Bruce M. Sullivan.
260 ## - PUBLICATION, DISTRIBUTION, ETC.
Place of publication, distribution, etc. Lanham, Md. :
Name of publisher, distributor, etc. Scarecrow Press,
Date of publication, distribution, etc. 1997.
300 ## - PHYSICAL DESCRIPTION
Extent xvii, 345 p. ;
Dimensions 23 cm.
336 ## - CONTENT TYPE
Content type term text
Content type code txt
Source rdacontent
337 ## - MEDIA TYPE
Media type term unmediated
Media type code n
Source rdamedia
338 ## - CARRIER TYPE
Carrier type term volume
Carrier type code nc
Source rdacarrier
440 #0 - SERIES STATEMENT/ADDED ENTRY--TITLE
Title Historical dictionaries of religions, philosophies, and movements ;
Volume/sequential designation no. 13
504 ## - BIBLIOGRAPHY, ETC. NOTE
Bibliography, etc. note Includes bibliographical references (p. 265-344).
650 #0 - SUBJECT ADDED ENTRY--TOPICAL TERM
Topical term or geographic name entry element Hinduism
General subdivision Dictionaries.
906 ## - LOCAL DATA ELEMENT F, LDF (RLIN)
a 7
b cbc
c orignew
d 1
e ocip
f 19
g y-gencatlg
942 ## - ADDED ENTRY ELEMENTS (KOHA)
Source of classification or shelving scheme Dewey Decimal Classification
Koha item type Books
Suppress in OPAC No
Holdings
Withdrawn status Lost status Source of classification or shelving scheme Damaged status Not for loan Home library Current library Shelving location Date acquired Source of acquisition Cost, normal purchase price Total checkouts Full call number Barcode Date last seen Price effective from Koha item type
    Dewey Decimal Classification     Henry Martyn Institute Library Henry Martyn Institute Library General stacks 05/07/2026 Kohinoor Book Distributor 9250.00   294.503 SUL 26035 05/07/2026 05/07/2026 Books
                   Copyright © 2026 | Henry Martyn Institute | Hyderabad | TS-500052 | INDIA | Implemented by hmi.edu.in
Hit-Count:

Powered by Koha